| 000 | 00597nam a2200193 i 4500 | ||
|---|---|---|---|
| 001 | 128737 | ||
| 003 | ES-MaACL | ||
| 005 | 20230906193342.0 | ||
| 007 | t| | ||
| 008 | 070524s1973 sp ||||1| spa d | ||
| 080 | _a946.711 B.-201"17/19" | ||
| 100 | 1 |
_aTatjer Mir, Mercedes. _9109386 |
|
| 245 | 1 | 3 |
_aLa Barceloneta, del siglo XVIII al Plan de la Ribera / _cMercedes Tatjer Mir. |
| 250 | _a[1ยช ed.]. | ||
| 260 |
_a[Barcelona : _bSaturno, _c1973] |
||
| 300 |
_a215 p. : _bil. ; _c20 cm. |
||
| 651 | 4 |
_aBarcelona (Barcelona, Barrio)- _xHistoria. _97869 |
|
| 852 |
_aES-MaACL _jC-52836 _bR.86308 |
||
| 999 |
_c128737 _d128737 |
||